|
|
|
|
| LEADER |
00000naa2a2200000 4500 |
| 001 |
234994 |
| 005 |
20260213092451.0 |
| 035 |
|
|
|a (RuTPU)RU\TPU\book\256123
|
| 035 |
|
|
|a RU\TPU\book\256118
|
| 090 |
|
|
|a 234994
|
| 100 |
|
|
|a 20130403d2011 k y0rusy50 ca
|
| 101 |
0 |
|
|a rus
|
| 102 |
|
|
|a RU
|
| 135 |
|
|
|a drnn ---uucaa
|
| 181 |
|
0 |
|a i
|
| 182 |
|
0 |
|a b
|
| 200 |
1 |
|
|a Десорбция водорода в титане ВТ1-0 под действием рентгеновского облучения
|f В. Н. Кудияров, Н. А. Евтеева
|g науч. рук. А. М. Лидер
|
| 203 |
|
|
|a Текст
|c электронный
|
| 225 |
1 |
|
|a Физические методы в науке и технике
|
| 300 |
|
|
|a Заглавие с титульного экрана
|
| 320 |
|
|
|a [Библиогр.: с. 42 (2 назв.)]
|
| 337 |
|
|
|a Adobe Reader
|
| 461 |
|
1 |
|0 (RuTPU)RU\TPU\book\255301
|t Современные техника и технологии
|o сборник трудов XVII международной научно-практической конференции студентов, аспирантов и молодых ученых, Томск, 18-22 апреля 2011 г
|o в 3 т.
|f Национальный исследовательский Томский политехнический университет (ТПУ)
|d 2011
|
| 463 |
|
1 |
|0 (RuTPU)RU\TPU\book\255308
|t Т. 3
|v [С. 41-42]
|d 2011
|
| 610 |
1 |
|
|a труды учёных ТПУ
|
| 610 |
1 |
|
|a электронный ресурс
|
| 610 |
1 |
|
|a десорбция
|
| 610 |
1 |
|
|a водород
|
| 610 |
1 |
|
|a титан
|
| 610 |
1 |
|
|a рентгеновское облучение
|
| 700 |
|
1 |
|a Кудияров
|b В. Н.
|c физик
|c доцент Томского политехнического университета, кандидат технических наук
|f 1990-
|g Виктор Николаевич
|3 (RuTPU)RU\TPU\pers\30612
|9 14893
|
| 701 |
|
1 |
|a Евтеева
|b Н. А.
|c российский физик
|c инженер Томского политехнического университета, аспирант
|f 1985-
|g Наталья Александровна
|3 (RuTPU)RU\TPU\pers\27834
|
| 702 |
|
1 |
|a Лидер
|b А. М.
|c физик
|c профессор Томского политехнического университета, доктор технических наук
|f 1976-2025
|g Андрей Маркович
|3 (RuTPU)RU\TPU\pers\25616
|4 727
|9 11545
|
| 801 |
|
2 |
|a RU
|b 63413507
|c 20130416
|g RCR
|
| 856 |
4 |
|
|u http://www.lib.tpu.ru/fulltext/c/2011/C01/V03/018.pdf
|
| 942 |
|
|
|c CF
|